[Event "Krasnodar Winter B"]
[Site "Krasnodar"]
[Date "2011.02.07"]
[Round "9"]
[White "Antipov, Valeriy"]
[Black "Sarian, Ashot"]
[Result "1/2-1/2"]
[WhiteElo "1822"]
[BlackElo "1765"]
[PlyCount "93"]
[EventDate "2011.02.02"]
[EventType "tourn"]
[EventRounds "13"]
[EventCountry "RUS"]
[SourceTitle "EXT 2022"]
[Source "ChessBase"]
[SourceDate "2021.10.06"]
[SourceVersion "1"]
[SourceVersionDate "2021.10.06"]
[SourceQuality "1"]

1. Nf3 d5 2. g3 Nf6 3. Bg2 e6 4. d3 Nc6 5. Nbd2 Bb4 6. c3 Ba5 7. e4 0-0 8. e5 Nd7 9. d4 f6 10. exf6 Nxf6 11. 0-0 Re8 12. Re1 h6 13. Qc2 b5 14. b4 Bb6 15. Ne5 Nxe5 16. Rxe5 c6 17. Re2 a5 18. Nf3 Ne4 19. Ne5 axb4 20. Bxe4 dxe4 21. Qxe4 Qd5 22. Qg6 Re7 23. Bxh6 bxc3 24. Bg5 Rc7 25. Qe8+ Kh7 26. Qh5+ Kg8 27. Ng6 Bb7 28. Nf4 Qf5 29. Re5 Qf7 30. Qxf7+ Rxf7 31. Nxe6 Re8 32. Rae1 Rd7 33. R5e3 Ra8 34. Rxc3 Ba5 35. Rec1 Bxc3 36. Rxc3 Rxa2 37. Nc5 Rf7 38. Be3 Bc8 39. Ne4 Re7 40. Ng5 b4 41. Rb3 Rb7 42. Kg2 Ra3 43. Rb1 Bf5 44. Re1 Re7 45. Rc1 b3 46. Rc3 Bc2 47. Rxc6 1/2-1/2

[Event "Krasnodar Region-ch"]
[Site "Krasnodar"]
[Date "2010.10.22"]
[Round "7"]
[White "Frolov, Lev"]
[Black "Antipov, Valeriy"]
[Result "1-0"]
[WhiteElo "1932"]
[BlackElo "1845"]
[PlyCount "111"]
[EventDate "2010.10.16"]
[EventType "swiss"]
[EventRounds "9"]
[EventCountry "RUS"]
[SourceTitle "EXT 2022"]
[Source "ChessBase"]
[SourceDate "2021.10.06"]
[SourceVersion "1"]
[SourceVersionDate "2021.10.06"]
[SourceQuality "1"]

1. d4 c5 2. d5 Nf6 3. c4 b5 4. cxb5 a6 5. b6 Qxb6 6. Nc3 g6 7. e4 d6 8. Nf3 Bg7 9. Be2 Qb4 10. a3 Qa5 11. Nd2 Nbd7 12. Nc4 Qc7 13. 0-0 Nb6 14. Nxb6 Qxb6 15. Rb1 Bd7 16. Be3 Qa5 17. b4 cxb4 18. Rxb4 Qc7 19. Qd2 0-0 20. Bb6 Qc8 21. Rc1 Qe8 22. Bd4 a5 23. Rb7 Rb8 24. Rcb1 Rxb7 25. Rxb7 Qc8 26. Qb2 Re8 27. f3 Nxe4 28. Nxe4 Bxd4+ 29. Qxd4 Qxb7 30. h4 Rc8 31. h5 gxh5 32. Bd3 f6 33. Ng5 Qc7 34. Bxh7+ Kg7 35. Kh2 Qc4 36. Qe3 Qh4+ 37. Kg1 Qxg5 38. Qxe7+ Kh8 39. Qxd7 Rc1+ 40. Kf2 Rc2+ 41. Bxc2 Qd2+ 42. Kg3 Qxc2 43. Qxd6 Qf5 44. Qd8+ Kg7 45. Qe7+ Kh8 46. Qf8+ Kh7 47. Qf7+ Kh8 48. Qe6 Qg5+ 49. Kh3 f5 50. d6 f4 51. Qe8+ Kg7 52. Qe7+ Qxe7 53. dxe7 Kf7 54. Kh4 Kxe7 55. Kxh5 Ke6 56. Kg4 1-0

[Event "Krasnodar Region-ch"]
[Site "Krasnodar"]
[Date "2010.10.18"]
[Round "3"]
[White "Bulygin, Yaroslav"]
[Black "Antipov, Valeriy"]
[Result "1-0"]
[WhiteElo "2068"]
[BlackElo "1845"]
[PlyCount "107"]
[EventDate "2010.10.16"]
[EventType "swiss"]
[EventRounds "9"]
[EventCountry "RUS"]
[SourceTitle "EXT 2022"]
[Source "ChessBase"]
[SourceDate "2021.10.06"]
[SourceVersion "1"]
[SourceVersionDate "2021.10.06"]
[SourceQuality "1"]

1. e4 c5 2. Nf3 e6 3. d4 cxd4 4. Nxd4 Nf6 5. Nc3 Nc6 6. Bg5 Bb4 7. Ndb5 0-0 8. a3 Bc5 9. b4 Be7 10. f4 Ne8 11. Bxe7 Qxe7 12. Be2 a6 13. Nd4 Nc7 14. 0-0 b5 15. Qd2 Bb7 16. Rad1 Nxd4 17. Qxd4 d5 18. e5 Rac8 19. Bd3 Na8 20. f5 Qc7 21. fxe6 Qb6 22. exf7+ Rxf7 23. Ne2 Re7 24. Bf5 Rce8 25. e6 Bc8 26. Qxb6 Nxb6 27. Nf4 Rc7 28. Nxd5 Nxd5 29. Rxd5 g6 30. Bg4 Bxe6 31. Re5 Bd7 32. Rxe8+ Bxe8 33. Rf6 Rxc2 34. Rxa6 Rc3 35. Kf2 Bf7 36. Be2 Bc4 37. Bxc4+ Rxc4 38. Ra5 Rc3 39. Ke2 Rc2+ 40. Kf3 Kf7 41. Ra7+ Kf6 42. Rxh7 Rc3+ 43. Kg4 Rxa3 44. Rb7 Ra2 45. Kh3 g5 46. Rxb5 Kg6 47. Rb6+ Kf5 48. Rb5+ Kg6 49. Kg3 Ra3+ 50. Kg4 Ra2 51. Rxg5+ Kf6 52. Kh4 Rb2 53. b5 Rb4+ 54. g4 1-0

[Event "Krasnodar Region-ch"]
[Site "Krasnodar"]
[Date "2010.10.16"]
[Round "1"]
[White "Barsamian, Eduard"]
[Black "Antipov, Valeriy"]
[Result "1-0"]
[WhiteElo "2211"]
[BlackElo "1845"]
[PlyCount "65"]
[EventDate "2010.10.16"]
[EventType "swiss"]
[EventRounds "9"]
[EventCountry "RUS"]
[SourceTitle "EXT 2022"]
[Source "ChessBase"]
[SourceDate "2021.10.06"]
[SourceVersion "1"]
[SourceVersionDate "2021.10.06"]
[SourceQuality "1"]

1. d4 c5 2. d5 Nf6 3. Nc3 d6 4. e4 g6 5. Be2 Bg7 6. Nf3 0-0 7. 0-0 a6 8. a4 Bg4 9. Nd2 Bxe2 10. Qxe2 Nbd7 11. h3 Nh5 12. Ra3 e6 13. Nc4 Nb6 14. Ne3 Nf4 15. Qf3 exd5 16. Qxf4 d4 17. a5 Nc8 18. Ncd5 dxe3 19. Nxe3 Ne7 20. Rd1 Be5 21. Qg4 Qc7 22. Nc4 Rad8 23. Rad3 Nc6 24. Bh6 Bg7 25. Bxg7 Kxg7 26. Qh4 Nxa5 27. Nxd6 Nc6 28. e5 Nxe5 29. Nf5+ gxf5 30. Rxd8 Rxd8 31. Qxd8 Qc6 32. Rd6 Qe4 33. Qf6+ 1-0

[Event "Krasnodar Summer"]
[Site "Krasnodar"]
[Date "2010.07.04"]
[Round "15"]
[White "Maslianok, Sergey"]
[Black "Antipov, Valeriy"]
[Result "1/2-1/2"]
[WhiteElo "2031"]
[BlackElo "1782"]
[PlyCount "40"]
[EventDate "2010.05.22"]
[EventType "tourn"]
[EventRounds "15"]
[EventCountry "RUS"]
[SourceTitle "EXT 2022"]
[Source "ChessBase"]
[SourceDate "2021.10.06"]
[SourceVersion "1"]
[SourceVersionDate "2021.10.06"]
[SourceQuality "1"]

1. h3 e5 2. a3 d5 3. e3 Nc6 4. d3 Be6 5. Ne2 Qd7 6. Nbc3 f5 7. d4 Nf6 8. dxe5 Nxe5 9. Qd4 Nc6 10. Qa4 Ne4 11. Nxe4 dxe4 12. Nf4 0-0-0 13. c3 Ne5 14. Qxd7+ Bxd7 15. b3 g5 16. Nh5 Be6 17. c4 Nd3+ 18. Bxd3 Rxd3 19. Rb1 Bf7 20. Ng3 Be6 1/2-1/2